00441 a2200169 4500001000700000020000600007040001100013100000600024240003800030245003300068362000900101440001000110697002300120942000700143952010200150999001900252180625 a  cMagnum a-10aOs tres anoezinhos do bosquelpor10aOs tres anoezinhos do bosque0 a1899 1aGlobo aMAGNITO: IJ/CONTOS cBK 00104070a32.5b32.5d2024-06-08l0oLI.01791pMAG00030508r2024-06-08 20:54:15w2024-06-08yBK c180625d180625